Normal view
MARC view
Entry Personal Name
001 - CONTROL NUMBER
- control field: 85828
003 - CONTROL NUMBER IDENTIFIER
- control field: dpl
005 - DATE AND TIME OF LATEST TRANSACTION
- control field: 20251128165331.0
008 - FIXED-LENGTH DATA ELEMENTS
- fixed length control field: 251128|| aca||aabn | a|a d
040 ## - CATALOGING SOURCE
- Original cataloging agency: dpl
- Transcribing agency: dpl
100 ## - HEADING--PERSONAL NAME
- Personal name: Shankar, Ravi
670 ## - SOURCE DATA FOUND
- Source citation: Work cat.: (dpl)209554: Shankar, Ravi, How to Teach Chemistry, 2024
